Fractionation of synthetic polymers : principles and practices /

Guardado en:
Otros Autores: Tung, L. H 1923-, (Editor , ed.)
Formato: Libro
Idioma:English
Publicado: New York : M. Dekker, c1977.
Materias:
Etiquetas: Agregar Etiqueta
Sin Etiquetas, Sea el primero en etiquetar este registro!
LEADER 00706cam a22002055a 4500
001 EIQ.libpla000968
008 770531s1977####nyu######b####001#0#eng#d
005 20060629173709.0
245 0 0 |a Fractionation of synthetic polymers :  |b principles and practices /  |c edited by L. H. Tung. 
260 |a New York :  |b M. Dekker,  |c c1977. 
300 |a vii, 748 p. :  |b graphs ;  |c 24 cm. 
504 |a Incluye referencias bibliográficas e índices. 
020 |a 0824765478 
700 1 |a Tung, L. H  |q (Lu-Ho),  |d 1923-,  |e ed.  |4 edt 
082 0 0 |a 547/.84 
650 4 |a Polímeros  |x Análisis. 
650 0 |a Polymers  |x Analysis. 
010 |a  76041468  
040 |a DLC  |c DLC  |d AR-BbSID 
859 |a AR-BbSID  |b BIB. PLAPIQUI  |h 547.84  |i F 841  |p 652